01278nam a2200325 a 4500001001000000003000900010005001700019007000300036008003900039020001800078040003500096082003000131100003700161245008700198260000600285264007500291300004700366336002700413337003500440338003000475490007700505590002600582600004400608651006400652651004300716910004000759942001200799952012400811999001700935000000708DO-SdBPM20250917135349.0ta090422s2008 dr a 000 0bspa d z9789945162127 aDO-SdBPMbspacBPMSUerdadrda 4a923.57293bE77B, 20082221 aBalcácer, Juan Daniel eautor 10aUlises Francisco Espaillat : bel presidente mártir /c Juan Daniel Balcácer  b  aSanto Domingo :bComisión Permanente de Efemérides Patrias, c2008 a86 páginas :bilustraciones ;c20 cm. atextobtxt2rdacontent asin mediación bn2rdamedia  avolumen bnc2rdacarrier 0 a Publicaciones de la Comisión Permanente de Efemérides Patrias, v27 aInventariado, 2025/VM14aEspaillat Ulises, Francisco d1823-1878 7aRepública Dominicana xHistoria yRestauración 863-1865 7aRepública Dominicana xBiografías  aVMateo V. Control de calidad BPMSU  2ddccBK 00102ddc708CDaBPMETbBPMETd2025-09-17l0oBPMSU CD 923.57293 E77B, 2008pBPMSU25090080r2025-09-17w2025-09-17yBK c15402d15402